000 00792nam a2200253Ia 4500
003 OSt
005 20221005083707.0
006 a|||||r|||| 00| 0
007 ta
008 221004b |||||||| |||| 00| 0 eng d
020 _a9788189766399 (pbk)
_cINR 295.00
024 _a44613
037 _b1607/18-19, 28/01/2019, Vitasta Publishing Pvt. Ltd.
_cTextual
040 _aCRL
_cCRL
_beng
041 _2eng
_aeng
082 _aO111,3N72,L, P8
100 _aDhar Mainak Au.
_9612751
245 0 _aLine of control
260 _aNew Delhi
_bVitasta Publishing India
_c2008
300 _a314p.
_ccm.
650 _aENGLISH FICTION
942 _hO111,3N72,L, P8
_cTEXL
_2cc
999 _c991388
_d991388